1 Billion streams club : Bad Bunny - Statistics

General Stats
  • This quiz has been taken 59 times
    3 since last reset
  • The average score is 21 of 33
Answer Stats
Album Song Streams % Correct
Debí Tirar Más Fotos DtMF 1.8B
100%
Oasis(ft. J Balvin) LA CANCIÓN 2.5B
100%
El Último Tour Del Mundo(ft. Rosalía) LA NOCHE DE ANOCHE 1.1B
100%
X 100pre(ft. Drake) MIA 1.5B
100%
Debí Tirar Más Fotos NUEVAYoL 1.2B
100%
Un Verano Sin Ti(ft. Bomba Estéreo) Ojitos Lindos 1.9B
100%
Nadie Sabe Lo Que Va aPasar Mañana
(ft. Feid)
PERRO NEGRO 1.3B
100%
Debí Tirar Más Fotos BAILE INoLVIDABLE 1.5B
67%
Un Verano Sin Ti(ft. Tainy) Callaita 1.8B
67%
El Último Tour Del Mundo(ft. Jhay Cortez) DAKITI 2.4B
67%
Single(ft. Ozuna, Farruko, Arcángel and Ñengo Flow) Diles 1.3B
67%
Un Verano Sin Ti Efecto 1.6B
67%
Debí Tirar Más Fotos EoO 1.1B
67%
Invasion of Privacy(ft. Cardi B and J Balvin) I Like It 1.9B
67%
YHLQMDLG(ft. Daddy Yankee) La Santa 1.2B
67%
Un Verano Sin Ti(ft. Chencho Corleone) Me Porto Bonito 2.2B
67%
Un Verano Sin Ti Neverita 1.0B
67%
Famouz(ft. JHAYCO and J Balvin) No Me Conoce 1.8B
67%
Cosa Nuestra(ft. Rauw Alejandro) Qué Pasaría... 1.0B
67%
YHLQMDLG(ft. Jowell y Randy and Ñengo Flow) Safaera 1.1B
67%
Now or Never(ft. Nio Garcia and Casper Magico) Te Boté 1.3B
67%
Un Verano Sin Ti Tití Me Preguntó 2.2B
67%
Nadie Sabe Lo Que Va aPasar Mañana WHERE SHE GOES 1.0B
67%
Data(ft. Tainy and Julieta Venegas) Lo Siento BB 1.2B
33%
Un Verano Sin Ti Moscow Mule 1.6B
33%
Oasis(ft. J Balvin) QUE PRETENDES 1.1B
33%
X 100pre Si Estuviésemos Juntos 1.2B
33%
YHLQMDLG Si Veo a Tu Mamá 1.1B
33%
Épico(ft. Lunay and Daddy Yankee) Soltera 1.1B
33%
Un Verano Sin Ti(ft. Jhayco) Tarot 1.0B
33%
El Comienzo(ft. Grupo Frontera) un x100to 1.5B
33%
YHLQMDLG Vete 1.1B
33%
Single Yonaguni 1.6B
33%
No matching quizzes found
Score Distribution
Percent of People with Each Score
Percentile by Number Answered
Your Score History
You have not taken this quiz since the last reset